=LDR 00000nam 2200000 4500 =001 INLIS000000000014909 =005 20130612110206 =008 ***********************************Ind** =035 ##$$0010-061300000014909 =041 ##$$a Ind =082 ##$$a F 813 =090 ##$$a F 813, Set m =100 ##$$a Setyawati, Sulis =245 ##$$a Misteri sebuah arca, Sulis Setyawati =260 ##$$a 2001 $b Yogyakarta =300 ##$$a x,114 hlm, Ilus, 20 cm =650 ##$$a Fiksi Indonsia =850 ##$$a NBPNMAT